Harry Styles - Chansons de l'album Fine Line - Statistiques

Statistiques générales
  • Ce quiz a été pris 33 fois
  • Le résultat moyen est 11 sur 12
Statistiques - réponses
Hint Réponse % Correct
Fine Line 5 Cherry
100%
Fine Line2 12 Fine Line
100%
Fine Line2 10 Canyon Moon
93%
Fine Line 1 Golden
93%
Fine Line2 9 Sunflower, Vol. 6
93%
Fine Line2 8 She
90%
Fine Line 2 Watermelon Sugar
86%
Fine Line 6 Falling
86%
Fine Line 4 Lights Up
86%
Fine Line2 11 Treat People with Kindness
86%
Fine Line 3 Adore You
83%
Fine Line2 7 To Be So Lonely
72%
Aucun quiz correspondant
Distribution des résultats
% des personnes avec chaque résultat
Percentile par nombre de réponses
Votre historique - résultats
Vous n’avez pas pris ce quiz